Sociálny podnik z pohľadu daní

Sociálny podnik musí dosahovať zisk, lebo práve ten a podporné schémy určené pre sociálne podniky determinujú sociálny vplyv, ktorý primárne sledujeme v tomto type podnikov. V článku sa pozrieme na sociálne podniky z pohľadu zákona o dani z príjmov, zákona o dani z pridanej hodnoty a z pohľadu účtov...

Ausführliche Beschreibung

Gespeichert in:
Bibliographische Detailangaben
1. Verfasser: Böszörményi, Jana
Format: Buchkapitel
Sprache:Slowakisch
Schlagworte:
Tags: Tag hinzufügen
Keine Tags, Fügen Sie das erste Tag hinzu!

MARC

LEADER 00000naa a2200000 4500
001 0304543
005 20241011084239.0
041 0 |a slo 
044 |a SK 
245 1 0 |a Sociálny podnik z pohľadu daní  |c Jana Böszörményi 
520 |a Sociálny podnik musí dosahovať zisk, lebo práve ten a podporné schémy určené pre sociálne podniky determinujú sociálny vplyv, ktorý primárne sledujeme v tomto type podnikov. V článku sa pozrieme na sociálne podniky z pohľadu zákona o dani z príjmov, zákona o dani z pridanej hodnoty a z pohľadu účtovníctva. 
610 2 0 |a podnik sociálny 
610 2 0 |a dane 
610 2 0 |a účtovníctvo 
610 2 0 |a podnikanie 
610 2 0 |a úrady práce 
100 1 |a Böszörményi, Jana